[Event "III President's Cup"]
[Site "Baku AZE"]
[Date "2008.05.17"]
[Round "6"]
[White "Dzhumaev, M."]
[Black "Fridman, D2."]
[Result "0-1"]
[WhiteElo "2557"]
[BlackElo "2640"]
[PlyCount "106"]
[EventDate "2008.05.12"]
[SourceDate "1999.07.01"]

1. e4 c6 2. d4 d5 3. e5 c5 4. dxc5 Nc6 5. Bf4 e6 6. Nf3 Bxc5 7. Bd3 f6 8. Bg3
f5 9. Nbd2 g5 10. Nb3 Bb6 11. h4 g4 12. Nfd2 Nh6 13. Qe2 O-O 14. h5 Qc7 15. f4
gxf3 16. Nxf3 f4 17. Bf2 Bxf2+ 18. Qxf2 Nxe5 19. O-O-O Neg4 20. Qd4 Ne3 21. Rd2
Nhg4 22. Rh4 e5 23. Rxg4+ Bxg4 24. Nxe5 Bxh5 25. g3 Qg7 26. Rh2 Qg5 27. g4 Nxg4
28. Nf3 Qh6 29. Rg2 Rad8 30. Nc5 Rf7 31. Bc4 Qf6 32. Qxf6 Rxf6 33. Nxb7 dxc4
34. Nxd8 Kh8 35. Rd2 Ne3 36. Ng5 h6 37. Ne4 Rg6 38. b3 Rg1+ 39. Kb2 Bg6 40. Nf6
Rd1 41. Rxd1 Nxd1+ 42. Kc1 Ne3 43. Kd2 c3+ 44. Ke2 Bxc2 45. Ne6 Bd1+ 46. Ke1 f3
47. Ne4 c2 48. Kd2 Ng4 49. Ng3 f2 50. Nd4 h5 51. Nf1 h4 52. Nf5 h3 53. N5g3 Ne5
0-1

[Event "Match"]
[Site "Bar MNE"]
[Date "2008.04.08"]
[Round "2"]
[White "Djukic, Ni"]
[Black "Predojevic, B."]
[Result "0-1"]
[WhiteElo "2543"]
[BlackElo "2641"]
[PlyCount "126"]
[EventDate "2008.04.07"]
[SourceDate "1999.07.01"]

1. e4 c6 2. d4 d5 3. Nd2 dxe4 4. Nxe4 Bf5 5. Ng3 Bg6 6. h4 h6 7. Nf3 Nd7 8. Bd3
Bxd3 9. Qxd3 e6 10. Bf4 Qa5+ 11. Bd2 Qc7 12. O-O-O Ngf6 13. Ne4 Rd8 14. g3 Be7
15. Bf4 Qa5 16. Nxf6+ Nxf6 17. Qb3 Qb5 18. Qxb5 cxb5 19. a3 Nd5 20. Bd2 f6 21.
c3 Kf7 22. Kc2 Rd7 23. Ne1 Rc8 24. Kb3 Nb6 25. f4 h5 26. Nf3 Nc4 27. Bc1 Rd5
28. Rhe1 a5 29. Nd2 Nd6 30. Nf1 Nf5 31. Ne3 Nxg3 32. Nxd5 a4+ 33. Kc2 exd5 34.
Rg1 Nf5 35. Rh1 Bd6 36. Kd3 g6 37. Rh3 Re8 38. Bd2 Re4 39. Rf1 Bc7 40. Rf2 Nd6
41. Re3 f5 42. Rxe4 fxe4+ 43. Ke2 Bd8 44. Rh2 Ke6 45. Rh1 Kf5 46. Bc1 Be7 47.
Kf2 Ke6 48. Kg3 Nf5+ 49. Kh3 Nxh4 50. Rg1 Kf5 51. Be3 Nf3 52. Rb1 Bd6 53. b3
Bxf4 54. Bxf4 Kxf4 55. bxa4 bxa4 56. c4 dxc4 57. d5 Ke5 58. Kg3 h4+ 59. Kf2
Kxd5 60. Ke3 h3 61. Rxb7 h2 62. Rd7+ Ke5 63. Rh7 g5 0-1

[Event "Match"]
[Site "Bar MNE"]
[Date "2008.04.10"]
[Round "4"]
[White "Djukic, Ni"]
[Black "Predojevic, B."]
[Result "1-0"]
[WhiteElo "2543"]
[BlackElo "2641"]
[PlyCount "120"]
[EventDate "2008.04.07"]
[SourceDate "1999.07.01"]

1. e4 c6 2. d4 d5 3. Nd2 dxe4 4. Nxe4 Bf5 5. Nc5 Qc7 6. Bd3 Bg6 7. Nf3 e6 8.
O-O Nf6 9. Re1 Be7 10. Ne5 Nbd7 11. Bf4 Nxe5 12. Bxe5 Qc8 13. h4 Nd7 14. Bxg7
Rg8 15. Bh6 Nxc5 16. dxc5 Qc7 17. h5 Bxd3 18. Qxd3 Bxc5 19. Be3 Qe5 20. Bxc5
Qxc5 21. Rad1 Qg5 22. Qd7+ Kf8 23. g3 Qxh5 24. Qxb7 Kg7 25. Qxc6 Rgd8 26. Qc3+
Kg8 27. Rd3 Rac8 28. Qd2 Rxd3 29. Qxd3 Qa5 30. Re4 h5 31. a3 Qg5 32. Rf4 Rd8
33. Qf3 Qg6 34. Qe4 Qg5 35. Kg2 a5 36. Qf3 Qg6 37. Qc3 Rd5 38. Rc4 Kh7 39. Rc8
e5 40. Qf3 Rd2 41. Rc6 e4 42. Qc3 Qg5 43. Rc8 Rd8 44. Rxd8 Qxd8 45. Qe5 Qa8 46.
Qxh5+ Kg7 47. Qe5+ Kg6 48. Kg1 a4 49. c4 f5 50. c5 Qb7 51. Qd6+ Kh5 52. c6 Qxb2
53. Qd1+ Kg6 54. c7 Qc3 55. Qd6+ Kh5 56. Qd7 e3 57. Qxf5+ Kh6 58. c8=Q exf2+
59. Kxf2 Qd2+ 60. Kg1 Qd7 1-0

[Event "IX EICC"]
[Site "Plovdiv BUL"]
[Date "2008.04.29"]
[Round "8"]
[White "Czebe, A."]
[Black "Galkin, A."]
[Result "0-1"]
[WhiteElo "2513"]
[BlackElo "2606"]
[PlyCount "90"]
[EventDate "2008.04.21"]
[SourceDate "1999.07.01"]

1. e4 c6 2. d4 d5 3. e5 Bf5 4. h4 h5 5. c4 e6 6. Nc3 Be7 7. cxd5 cxd5 8. g3 Nc6
9. Bd3 Nxd4 10. Qa4+ Nc6 11. Bxf5 exf5 12. Nf3 Bb4 13. O-O Nge7 14. Bg5 Bxc3
15. bxc3 Qa5 16. Qf4 Qxc3 17. Bxe7 Nxe7 18. Rac1 Qa3 19. e6 O-O 20. exf7+ Rxf7
21. Ng5 Ng6 22. Qd2 Rd7 23. Qe2 Nf8 24. Qxh5 Qxa2 25. Qf3 d4 26. Rc5 d3 27.
Rxf5 d2 28. Rd1 Qc2 29. Kh2 Rad8 30. Re5 a6 31. Re3 a5 32. Rc3 Qg6 33. Rc5 a4
34. Qa3 Qb6 35. Qc3 Rd4 36. f3 Ne6 37. Re5 Nf8 38. Kg2 Qb4 39. Qe3 Nh7 40. Ne4
Qb3 41. Qxb3+ axb3 42. Re7 Nf6 43. Nf2 Rb4 44. Re2 Nd5 45. Nd3 Nc3 0-1

[Event "IX EICC"]
[Site "Plovdiv BUL"]
[Date "2008.04.29"]
[Round "8"]
[White "Mastrovasilis, D."]
[Black "Vokarev, S."]
[Result "1/2-1/2"]
[WhiteElo "2580"]
[BlackElo "2502"]
[PlyCount "153"]
[EventDate "2008.04.21"]
[SourceDate "1999.07.01"]

1. e4 c6 2. d4 d5 3. e5 Bf5 4. h4 Qb6 5. Nc3 h5 6. Be2 e6 7. Nf3 Nh6 8. O-O Nd7
9. Rb1 Be7 10. g3 O-O-O 11. b4 Bg4 12. b5 c5 13. Na4 Qa5 14. Nxc5 Nxc5 15. dxc5
Bxc5 16. Bg5 Rd7 17. Bxh6 Rxh6 18. Ng5 Qc3 19. Rb3 Qxe5 20. Bxg4 hxg4 21. Qxg4
Kb8 22. Kg2 Qd4 23. Qe2 Rf6 24. f4 Bb6 25. Rd1 Qa4 26. c4 Rf5 27. Nf3 Qxc4 28.
Qxc4 dxc4 29. Rxd7 cxb3 30. axb3 Kc8 31. Re7 Bd8 32. Re8 Kd7 33. Rf8 Be7 34.
Ra8 Bf6 35. Rxa7 Rxb5 36. Ra3 Bb2 37. Ra8 Rxb3 38. h5 f5 39. Ne5+ Bxe5 40. fxe5
Ke7 41. Rg8 Kf7 42. Rc8 Rb5 43. Rc7+ Kg8 44. Kf3 Kh7 45. Re7 Rxe5 46. Rxb7 Re4
47. Re7 Kg8 48. Ra7 Re1 49. Kf4 Re4+ 50. Kf3 Rc4 51. Rb7 Ra4 52. Re7 Ra6 53.
Kf4 Kf8 54. Rb7 Ra4+ 55. Kf3 Rg4 56. Ra7 e5 57. Ra5 e4+ 58. Kf2 Rg5 59. g4 Rxg4
60. Rxf5+ Ke7 61. Ke3 Ke6 62. Ra5 Kf6 63. Rb5 Rg5 64. Rb7 Kf5 65. Rf7+ Kg4 66.
Kxe4 Kxh5 67. Kf3 Kh4 68. Rf8 Rg3+ 69. Kf2 g5 70. Rh8+ Kg4 71. Rg8 Kh3 72. Rh8+
Kg4 73. Rg8 Ra3 74. Kg2 Ra2+ 75. Kg1 Kh4 76. Rc8 g4 77. Rc3 1/2-1/2

[Event "IX EICC"]
[Site "Plovdiv BUL"]
[Date "2008.04.30"]
[Round "9"]
[White "Efimenko, Z."]
[Black "L'Ami, E."]
[Result "0-1"]
[WhiteElo "2660"]
[BlackElo "2600"]
[PlyCount "122"]
[EventDate "2008.04.21"]
[SourceDate "1999.07.01"]

1. e4 c6 2. d4 d5 3. e5 Bf5 4. Nf3 e6 5. Be2 Nd7 6. O-O Ne7 7. Nbd2 Bg6 8. Nh4
c5 9. Nxg6 hxg6 10. c3 Nc6 11. Nf3 Be7 12. Be3 a6 13. g3 b5 14. h4 Nb6 15. b3
c4 16. Kg2 a5 17. Nd2 Rc8 18. Rc1 a4 19. bxc4 bxc4 20. Qc2 a3 21. Rb1 Ra8 22.
Bg4 Na4 23. Nf3 Qd7 24. Rh1 Kd8 25. h5 gxh5 26. Bxh5 Rf8 27. Bg4 Kc7 28. Rh7
Rg8 29. Bh5 g6 30. Bg4 Qe8 31. Rbh1 Kb6 32. Ng5 Bxg5 33. Bxg5 Ka5 34. Rb1 Rh8
35. Rxh8 Qxh8 36. Rb7 Qf8 37. Qc1 Ka6 38. Rc7 Kb6 39. Rd7 Qe8 40. Rd6 Nb2 41.
Bd1 Kc7 42. Bc2 Na5 43. Bf4 Nb7 44. g4 Nxd6 45. exd6+ Kc6 46. Bg3 Qd8 47. Qh6
Na4 48. Qe3 Nb6 49. Bd1 Nc8 50. Bf3 Nxd6 51. Qc1 g5 52. Qb1 Qa5 53. Bxd6 Kxd6
54. Qb7 Qa7 55. Qb4+ Kd7 56. Bd1 Qa5 57. Qb7+ Ke8 58. Qc6+ Ke7 59. Qb7+ Kf8 60.
Bc2 Kg7 61. Bb1 Qd8 0-1

[Event "IX EICC"]
[Site "Plovdiv BUL"]
[Date "2008.04.30"]
[Round "9"]
[White "Baklan, V."]
[Black "Pantsulaia, L."]
[Result "1-0"]
[WhiteElo "2647"]
[BlackElo "2617"]
[PlyCount "91"]
[EventDate "2008.04.21"]
[SourceDate "1999.07.01"]

1. e4 c6 2. d4 d5 3. e5 Bf5 4. Nf3 e6 5. Be2 Nd7 6. O-O Ne7 7. c3 Ng6 8. Ne1 f6
9. f4 fxe5 10. fxe5 Qb6 11. Qb3 Ne7 12. Be3 Bg6 13. Bf2 Nf5 14. g4 Nh6 15. Nd2
Be7 16. Be3 Bf7 17. Ng2 O-O 18. h3 Be8 19. Nf3 Nf7 20. Qc2 Nh8 21. Nf4 Bg6 22.
Qd2 c5 23. c4 Be4 24. cxd5 exd5 25. dxc5 Bxc5 26. Nxd5 Bxe3+ 27. Nxe3 Rad8 28.
Qc3 Nf7 29. Bc4 Rc8 30. Bxf7+ Kxf7 31. Qd4 Qxd4 32. Nxd4+ Kg8 33. e6 Ne5 34.
Nef5 Bxf5 35. Nxf5 Rce8 36. e7 Rf6 37. Rad1 Nc6 38. Rd7 Re6 39. Rxb7 a5 40. Rb5
a4 41. Rb6 g6 42. Nh6+ Kg7 43. g5 R8xe7 44. Ra6 Re5 45. h4 Nd4 46. Ra8 1-0

[Event "IX EICC"]
[Site "Plovdiv BUL"]
[Date "2008.04.30"]
[Round "9"]
[White "Kurnosov, I."]
[Black "Vallejo Pons, F."]
[Result "1/2-1/2"]
[WhiteElo "2593"]
[BlackElo "2684"]
[PlyCount "112"]
[EventDate "2008.04.21"]
[SourceDate "1999.07.01"]

1. e4 c6 2. d4 d5 3. e5 Bf5 4. h4 h6 5. g4 Be4 6. f3 Bh7 7. e6 Qd6 8. exf7+
Kxf7 9. f4 Nf6 10. Bh3 Qe6+ 11. Kf1 Ne4 12. Rh2 h5 13. Nc3 hxg4 14. Bxg4 Bf5
15. Nxe4 dxe4 16. Bxf5 Qxf5 17. Nh3 Nd7 18. Ng5+ Ke8 19. Qe2 Nf6 20. Bd2 Rd8
21. c3 c5 22. Qb5+ Rd7 23. Qxc5 Qxc5 24. dxc5 Ng4 25. Rg2 Rxh4 26. Ke2 Nf6 27.
Ne6 Kf7 28. f5 Rd5 29. Rf1 Rh5 30. Bg5 g6 31. Nf4 Rxg5 32. Rxg5 Rxf5 33. Rg2
Bh6 34. Nxg6 Rxc5 35. Nf4 Rf5 36. Nh3 Rb5 37. b3 Rd5 38. Rd1 Rh5 39. Nf2 Nd5
40. Rxd5 Rxd5 41. Nxe4 Rh5 42. Kd3 Rh3+ 43. Kc4 Rh4 44. Kd3 b6 45. a4 Ke6 46.
Rg8 Rh3+ 47. Kd4 Be3+ 48. Kc4 Ke5 49. Ng3 Bd2 50. Rg4 e6 51. b4 a6 52. Rd4 b5+
53. axb5 axb5+ 54. Kxb5 Bxc3 55. Rg4 Kd5 56. Ne2 e5 1/2-1/2

[Event "IX EICC"]
[Site "Plovdiv BUL"]
[Date "2008.04.30"]
[Round "9"]
[White "Volokitin, And"]
[Black "Anastasian, A."]
[Result "1-0"]
[WhiteElo "2684"]
[BlackElo "2560"]
[PlyCount "87"]
[EventDate "2008.04.21"]
[SourceDate "1999.07.01"]

1. e4 c6 2. d4 d5 3. e5 Bf5 4. Nf3 e6 5. Be2 Nd7 6. Nbd2 Bg6 7. O-O Nh6 8. Nb3
Nf5 9. Bd2 Rc8 10. Rc1 a6 11. c4 dxc4 12. Rxc4 Be7 13. Na5 Rc7 14. Qb3 Qa8 15.
g4 Nh6 16. Bb4 Nb6 17. Bxe7 Nxc4 18. Nxc4 Rxe7 19. Nd6+ Kf8 20. Ng5 Qd8 21. f4
Qd7 22. Qh3 f5 23. exf6 Qxd6 24. fxe7+ Kxe7 25. Qe3 Kd7 26. Bc4 Re8 27. h3 Nf7
28. Nxe6 Nd8 29. Nc5+ Kc7 30. Qc3 Be4 31. Qe3 Bg6 32. Qd2 Bf7 33. b3 Bd5 34.
Bxd5 Qxd5 35. f5 Kb8 36. Qd3 Nf7 37. Ne6 h6 38. Qf3 Qd7 39. d5 cxd5 40. Rd1 Ng5
41. Nxg5 hxg5 42. Rxd5 Qe7 43. Qc3 Rc8 44. Qe5+ 1-0

[Event "IX EICC"]
[Site "Plovdiv BUL"]
[Date "2008.04.30"]
[Round "9"]
[White "Azarov, S."]
[Black "Jenni, F."]
[Result "1/2-1/2"]
[WhiteElo "2585"]
[BlackElo "2550"]
[PlyCount "86"]
[EventDate "2008.04.21"]
[SourceDate "1999.07.01"]

1. e4 c6 2. d4 d5 3. Nc3 dxe4 4. Nxe4 Bf5 5. Ng3 Bg6 6. N1e2 e6 7. Nf4 Bd6 8.
c3 Nf6 9. h4 Bxf4 10. Bxf4 h6 11. h5 Bh7 12. Qb3 Qe7 13. Be2 O-O 14. O-O Nd5
15. Bd2 a5 16. c4 Nb4 17. Qc3 Rd8 18. Rfc1 c5 19. Be3 N8c6 20. dxc5 e5 21. a3
Nd3 22. Rd1 Nxc5 23. Rxd8+ Rxd8 24. b4 axb4 25. axb4 Ne6 26. c5 f5 27. b5 Ncd4
28. Bc4 Kh8 29. Bxe6 Qxe6 30. Bxd4 exd4 31. Qf3 d3 32. Nf1 Qe5 33. Ra2 Bg8 34.
Rd2 Qxc5 35. Rxd3 Rxd3 36. Qxd3 f4 37. Qd7 b6 38. Qe8 Qd5 39. g3 Qe6 40. Qxe6
Bxe6 41. gxf4 Kg8 42. Ne3 Kf8 43. Kg2 Bd7 1/2-1/2

[Event "IX EICC"]
[Site "Plovdiv BUL"]
[Date "2008.04.30"]
[Round "9"]
[White "Mamedov, Nid"]
[Black "Naumann, A."]
[Result "1-0"]
[WhiteElo "2577"]
[BlackElo "2523"]
[PlyCount "67"]
[EventDate "2008.04.21"]
[SourceDate "1999.07.01"]

1. e4 c6 2. d4 d5 3. e5 Bf5 4. Nf3 e6 5. Be2 Be7 6. O-O h5 7. Nbd2 Nh6 8. Ne1
h4 9. c3 Nd7 10. Bd3 Bxd3 11. Nxd3 Nf5 12. Nf3 Qb6 13. a4 c5 14. b4 cxb4 15.
Nxb4 Rc8 16. Qd3 Bxb4 17. cxb4 Rc4 18. Rd1 h3 19. a5 Qb5 20. g4 Ne7 21. Qe3 Rc2
22. Bd2 a6 23. Rac1 Rc6 24. Ng5 Rh6 25. Nxh3 Rg6 26. f3 Rh6 27. Ng5 Rh8 28.
Rxc6 Nxc6 29. Rc1 Qa4 30. f4 Qa2 31. f5 exf5 32. e6 Nf6 33. exf7+ Kf8 34. Qe6
1-0

[Event "IX EICC"]
[Site "Plovdiv BUL"]
[Date "2008.05.01"]
[Round "10"]
[White "Berg, E."]
[Black "Roiz, M."]
[Result "0-1"]
[WhiteElo "2601"]
[BlackElo "2659"]
[PlyCount "97"]
[EventDate "2008.04.21"]
[SourceDate "1999.07.01"]

1. e4 c6 2. d4 d5 3. e5 Bf5 4. Nf3 e6 5. Be2 Nd7 6. O-O h6 7. Nbd2 Ne7 8. Nb3
Nc8 9. Bd2 Be7 10. Na5 Rb8 11. c4 dxc4 12. Nxc4 O-O 13. Ne3 Bg6 14. Bc3 Ncb6
15. Bd3 Bh5 16. Be2 c5 17. Ne1 Bxe2 18. Qxe2 Na4 19. f4 Ndb6 20. Rd1 Nd5 21.
Nxd5 Qxd5 22. f5 exf5 23. Rxf5 Rbd8 24. Rd3 Qc4 25. Qg4 Nxc3 26. bxc3 cxd4 27.
cxd4 Bb4 28. Rd1 Bxe1 29. Rxe1 Qxd4+ 30. Qxd4 Rxd4 31. Rf2 Rc8 32. Rb2 b6 33.
Kf2 Kf8 34. e6 f6 35. Re3 Rcc4 36. Rbe2 Ke7 37. Rg3 Rf4+ 38. Ke1 g5 39. Ra3 Ra4
40. Rc3 Rfe4 41. Rxe4 Rxe4+ 42. Kd2 Ra4 43. a3 Kxe6 44. Kc2 h5 45. Kb3 Rg4 46.
g3 h4 47. gxh4 Rxh4 48. Rc7 Rxh2 49. Rxa7 0-1

[Event "IX EICC"]
[Site "Plovdiv BUL"]
[Date "2008.05.01"]
[Round "10"]
[White "Balogh, C."]
[Black "Asrian, K."]
[Result "1/2-1/2"]
[WhiteElo "2559"]
[BlackElo "2630"]
[PlyCount "63"]
[EventDate "2008.04.21"]
[SourceDate "1999.07.01"]

1. e4 c6 2. d4 d5 3. e5 Bf5 4. h4 Qb6 5. c3 e6 6. Bd3 Bxd3 7. Qxd3 Qa6 8. Qxa6
Nxa6 9. h5 c5 10. Ne2 f6 11. exf6 Nxf6 12. a3 Bd6 13. h6 gxh6 14. Bf4 Bxf4 15.
Nxf4 O-O 16. Nd2 cxd4 17. cxd4 Rac8 18. Nd3 Kg7 19. Ke2 Nb8 20. Rac1 Nc6 21.
Nf3 Ne4 22. Nde5 Ng5 23. Ke3 Nxf3 24. Nxf3 Rce8 25. Rh5 Rf5 26. Rxf5 exf5+ 27.
Kd3 Kf7 28. Rh1 Kg6 29. Nh4+ Kf6 30. Nf3 Kg6 31. Nh4+ Kf6 32. Nf3 1/2-1/2

[Event "IX EICC"]
[Site "Plovdiv BUL"]
[Date "2008.05.01"]
[Round "10"]
[White "Kurnosov, I."]
[Black "Braun, A."]
[Result "1-0"]
[WhiteElo "2593"]
[BlackElo "2529"]
[PlyCount "91"]
[EventDate "2008.04.21"]
[SourceDate "1999.07.01"]

1. e4 c6 2. d4 d5 3. e5 Bf5 4. h4 Qb6 5. Ne2 Bd7 6. c4 e6 7. c5 Qc7 8. Bd2 b6
9. b4 a5 10. cxb6 Qxb6 11. bxa5 Qa7 12. Nbc3 c5 13. a4 Nc6 14. Nb5 Qb8 15. Rb1
Qd8 16. dxc5 Bxc5 17. Rc1 Be7 18. Nf4 Kf8 19. Nd3 Nh6 20. g3 Nxa5 21. Nc5 Be8
22. Nc7 Bxc5 23. Nxa8 Nc4 24. Bxc4 dxc4 25. Qf3 Nf5 26. Rxc4 Nd4 27. Qb7 Bc6
28. Rxd4 Qe8 29. Qc7 Bxd4 30. Qd6+ Kg8 31. Nc7 Qd7 32. O-O h6 33. Rc1 Bxa4 34.
Rc4 Bxe5 35. Qxe5 Qxd2 36. Nxe6 f6 37. Rc7 Bd7 38. Qe4 Qd6 39. Qa8+ Kh7 40.
Qe4+ Kg8 41. Ra7 Kf7 42. Qc4 Ke7 43. Nxg7 Qe5 44. Qb4+ Kd8 45. Ra8+ Bc8 46. Qb7
1-0

[Event "IX EICC"]
[Site "Plovdiv BUL"]
[Date "2008.05.01"]
[Round "10"]
[White "Baramidze, D."]
[Black "Narciso Dublan, M."]
[Result "1/2-1/2"]
[WhiteElo "2583"]
[BlackElo "2509"]
[PlyCount "50"]
[EventDate "2008.04.21"]
[SourceDate "1999.07.01"]

1. e4 c6 2. d4 d5 3. Nc3 dxe4 4. Nxe4 Nd7 5. Nf3 Ngf6 6. Ned2 g6 7. b3 Bg7 8.
Bb2 O-O 9. Be2 b6 10. O-O Bb7 11. c4 e6 12. Qc2 c5 13. Rad1 Qc7 14. Qb1 cxd4
15. Nxd4 a6 16. Qa1 Rad8 17. Rfe1 Bh6 18. Nc2 Ne4 19. Nf1 f5 20. f3 Ng5 21.
Nce3 Nf7 22. Rd4 Nde5 23. Red1 Nc6 24. Rxd8 Rxd8 25. Nc2 Bf4 1/2-1/2

[Event "IX EICC"]
[Site "Plovdiv BUL"]
[Date "2008.05.01"]
[Round "10"]
[White "Perunovic, Mil"]
[Black "Vokarev, S."]
[Result "1/2-1/2"]
[WhiteElo "2579"]
[BlackElo "2502"]
[PlyCount "134"]
[EventDate "2008.04.21"]
[SourceDate "1999.07.01"]

1. e4 c6 2. d4 d5 3. e5 Bf5 4. Nf3 e6 5. Be2 Nd7 6. O-O Ne7 7. Nbd2 Nc8 8. Nb3
Be7 9. a4 O-O 10. a5 a6 11. Be3 Qc7 12. Rc1 f6 13. c4 Qd8 14. h3 Na7 15. exf6
Bxf6 16. Re1 Be4 17. Bd3 Bxd3 18. Qxd3 Qc7 19. Bg5 h6 20. Bxf6 Rxf6 21. Re2 Qd6
22. Ne5 dxc4 23. Qxc4 Nb5 24. Rce1 Re8 25. Re4 Nf8 26. Nc5 Re7 27. Ng4 Rf4 28.
g3 Rxe4 29. Rxe4 Qd5 30. Qb4 Nd6 31. Re5 Qc4 32. Qd2 Nf5 33. Re4 Qd5 34. Ne5
Nd6 35. Rg4 Nf5 36. Rf4 Nh7 37. Qd3 Ng5 38. Kh2 Nf7 39. Ng6 Rc7 40. Re4 Ng5 41.
Rf4 Rf7 42. h4 Nh7 43. Ne5 Nxh4 44. Qe4 Rxf4 45. Qxd5 Rxf2+ 46. Kg1 exd5 47.
Kxf2 Nf5 48. Nxb7 Nxd4 49. Nc5 Ng5 50. Nxa6 Nge6 51. Nb4 Nc7 52. Nexc6 Nxc6 53.
Nxc6 Kf7 54. b4 Ke6 55. Nd4+ Kd6 56. Ke3 g6 57. Kf4 Na6 58. b5 Nc5 59. a6 Nd7
60. a7 Nb6 61. g4 Kc5 62. Ke5 h5 63. Ne6+ Kxb5 64. Nc7+ Kc6 65. Nxd5 Kb7 66.
Nxb6 Kxa7 67. Nc8+ Kb8 1/2-1/2

[Event "IX EICC"]
[Site "Plovdiv BUL"]
[Date "2008.05.01"]
[Round "10"]
[White "Nepomniachtchi, I."]
[Black "Kharitonov, Alexandr"]
[Result "1/2-1/2"]
[WhiteElo "2634"]
[BlackElo "2526"]
[PlyCount "60"]
[EventDate "2008.04.21"]
[SourceDate "1999.07.01"]

1. e4 c6 2. d4 d5 3. exd5 cxd5 4. c4 Nf6 5. Nc3 e6 6. Nf3 Bb4 7. cxd5 Nxd5 8.
Qc2 Nc6 9. Bd3 Ba5 10. a3 h6 11. O-O O-O 12. Rd1 Nce7 13. Ne5 Bd7 14. Ne4 Bc7
15. Qe2 Nf5 16. Nc5 Bc6 17. Nxc6 bxc6 18. Nxe6 fxe6 19. Qxe6+ Kh8 20. Bxf5 Rf6
21. Qd7 Qb8 22. Be4 Bxh2+ 23. Kh1 Bf4 24. Bxd5 cxd5 25. Qxd5 Bxc1 26. Raxc1
Rxf2 27. Rf1 Rxb2 28. Rc3 Rb1 29. Rcf3 Rxf1+ 30. Rxf1 Qd8 1/2-1/2

[Event "IX EICC"]
[Site "Plovdiv BUL"]
[Date "2008.05.01"]
[Round "10"]
[White "Jenni, F."]
[Black "Zelcic, R."]
[Result "0-1"]
[WhiteElo "2550"]
[BlackElo "2591"]
[PlyCount "116"]
[EventDate "2008.04.21"]
[SourceDate "1999.07.01"]

1. e4 c6 2. d4 d5 3. e5 Bf5 4. Nc3 e6 5. g4 Bg6 6. Nge2 c5 7. h4 Nc6 8. h5 Be4
9. Nxe4 dxe4 10. Bg2 cxd4 11. Bxe4 Qa5+ 12. Kf1 Rd8 13. f4 Nge7 14. Qd3 Nd5 15.
a3 h6 16. Kf2 Be7 17. Bd2 Qb6 18. Qb3 Qc5 19. Bd3 Ne3 20. Rag1 O-O 21. Rh3 a5
22. Qa4 Qb6 23. Kg3 Rd5 24. Bxe3 dxe3 25. Qe4 Rxd3 26. cxd3 Qxb2 27. Qxe3 Qxa3
28. Kf2 Rd8 29. d4 Qb2 30. Qc3 Qb6 31. Rd1 a4 32. Kf1 a3 33. Qc4 Qa7 34. Rd2
Rd5 35. Nc3 Bb4 36. Nxd5 exd5 37. Qa2 Bxd2 38. Rxa3 Ba5 39. Qxd5 Qa6+ 40. Kg1
Qe2 41. Qf3 Qb2 42. Qe3 Qb1+ 43. Kh2 Qc2+ 44. Kg3 Qc4 45. Qe4 Nxd4 46. Kg2 Bb4
47. Ra8+ Bf8 48. Rd8 Qa2+ 49. Kg3 Qb3+ 50. Kg2 Qc2+ 51. Kg3 Qc3+ 52. Kg2 Ne6
53. Rb8 Qd2+ 54. Kg3 Nc5 55. Qf3 Qb4 56. Qd5 Qe1+ 57. Kg2 Qe2+ 58. Kh3 Ne6 0-1

[Event "IX EICC"]
[Site "Plovdiv BUL"]
[Date "2008.05.02"]
[Round "11"]
[White "Pavasovic, D."]
[Black "Fridman, D2."]
[Result "1-0"]
[WhiteElo "2595"]
[BlackElo "2640"]
[PlyCount "111"]
[EventDate "2008.04.21"]
[SourceDate "1999.07.01"]

1. e4 c6 2. d4 d5 3. exd5 cxd5 4. c4 Nf6 5. Nc3 Nc6 6. Bg5 dxc4 7. Bxc4 e6 8.
Nf3 Be7 9. O-O O-O 10. Rc1 b6 11. Bd3 Bb7 12. Bb1 Re8 13. Re1 Rc8 14. a3 Nd5
15. h4 Nxc3 16. Rxc3 g6 17. d5 Nb8 18. Rxc8 Bxc8 19. Ba2 Kg7 20. Qd4+ Bf6 21.
Qa4 Bxg5 22. Nxg5 Qd7 23. Qf4 e5 24. Rxe5 Rf8 25. Qe3 Qd6 26. Re7 h6 27. Nxf7
Rxf7 28. Qc3+ Kf8 29. Rxf7+ Kxf7 30. Qxc8 Nd7 31. Qc6 Ke7 32. Qc1 Qf6 33. Qxh6
Qxb2 34. Qe3+ Kd8 35. d6 Qf6 36. Qe6 Qxe6 37. Bxe6 Nf8 38. Bg4 Nh7 39. Be6 Nf8
40. Bg4 Nh7 41. f3 Nf6 42. Be6 Ne8 43. Bf7 Nxd6 44. Bxg6 Ke7 45. Bd3 b5 46. Kf2
a5 47. Ke3 b4 48. axb4 axb4 49. Kd4 Ke6 50. f4 b3 51. g4 b2 52. f5+ Ke7 53. Kc3
Nf7 54. g5 Ne5 55. Be4 Nf3 56. Kxb2 1-0

[Event "IX EICC"]
[Site "Plovdiv BUL"]
[Date "2008.05.02"]
[Round "11"]
[White "Fedorchuk, S."]
[Black "Anastasian, A."]
[Result "1/2-1/2"]
[WhiteElo "2671"]
[BlackElo "2560"]
[PlyCount "27"]
[EventDate "2008.04.21"]
[SourceDate "1999.07.01"]

1. e4 c6 2. d4 d5 3. Nd2 dxe4 4. Nxe4 Bf5 5. Ng3 Bg6 6. h4 h6 7. Nf3 Nd7 8. h5
Bh7 9. Bd3 Bxd3 10. Qxd3 e6 11. Bf4 Qa5+ 12. Bd2 Bb4 13. c3 Be7 14. c4 1/2-1/2

[Event "IX EICC"]
[Site "Plovdiv BUL"]
[Date "2008.05.02"]
[Round "11"]
[White "Kovacevic, A."]
[Black "Sulskis, S."]
[Result "1/2-1/2"]
[WhiteElo "2616"]
[BlackElo "2553"]
[PlyCount "147"]
[EventDate "2008.04.21"]
[SourceDate "1999.07.01"]

1. e4 c6 2. d4 d5 3. e5 c5 4. dxc5 e6 5. Be3 Nh6 6. c3 Nf5 7. Bd4 Nxd4 8. cxd4
b6 9. c6 Nxc6 10. Nc3 Be7 11. Bb5 Bd7 12. Nf3 Na5 13. Bd3 Nc4 14. Qe2 b5 15.
O-O Qb6 16. Rac1 a6 17. Nb1 h6 18. Rc2 O-O 19. Rfc1 Rfc8 20. h4 b4 21. Bxc4
Rxc4 22. Rxc4 dxc4 23. Qxc4 Rc8 24. Qf1 b3 25. Rxc8+ Bxc8 26. axb3 Qxb3 27. Qc1
Bb7 28. Nbd2 Qb6 29. Kh2 Qd8 30. Kh3 f6 31. Qc4 Kf7 32. exf6 Bxf6 33. Qc5 Kg8
34. Qc4 Qd6 35. Qe2 Qd5 36. Qe3 a5 37. Nb3 Qf5+ 38. Kg3 Bd5 39. Nc5 Qg6+ 40.
Kh3 Qf5+ 41. Kg3 h5 42. Nd7 Bxh4+ 43. Nxh4 Qg4+ 44. Kh2 Qxh4+ 45. Kg1 Qg4 46.
Qh3 Qxh3 47. gxh3 Kf7 48. h4 Kg6 49. f3 Kf5 50. Kf2 g5 51. hxg5 Kxg5 52. Ne5 h4
53. Nd3 Kf5 54. Nc5 Kf6 55. Kg2 Kg5 56. Kf2 Kf5 57. Kg2 Kf4 58. Kf2 Bxf3 59.
Nd3+ Ke4 60. Nc5+ Kxd4 61. Nb3+ Ke4 62. Nd2+ Kd3 63. Nxf3 a4 64. Nxh4 Kc2 65.
Ng2 Kxb2 66. Nf4 Kc2 67. Ke2 a3 68. Nd3 e5 69. Ke3 Kc3 70. Nc1 Kc2 71. Nd3 Kb3
72. Ke4 Kc3 73. Nc1 Kd2 74. Na2 1/2-1/2

[Event "IX EICC"]
[Site "Plovdiv BUL"]
[Date "2008.05.02"]
[Round "11"]
[White "Bosiocic, Mari"]
[Black "Dziuba, M."]
[Result "1/2-1/2"]
[WhiteElo "2503"]
[BlackElo "2577"]
[PlyCount "25"]
[EventDate "2008.04.21"]
[SourceDate "1999.07.01"]

1. e4 c6 2. d4 d5 3. e5 Bf5 4. Nf3 e6 5. Be2 Nd7 6. O-O h6 7. Nbd2 Ne7 8. Nb3
Qc7 9. a4 a5 10. Bd2 g5 11. Ne1 Bg7 12. f4 c5 13. Bb5 1/2-1/2

[Event "IX EICC"]
[Site "Plovdiv BUL"]
[Date "2008.04.21"]
[Round "1"]
[White "Volokitin, And"]
[Black "Nanu, C."]
[Result "1-0"]
[WhiteElo "2684"]
[BlackElo "2515"]
[PlyCount "65"]
[EventDate "2008.04.21"]
[SourceDate "1999.07.01"]

1. e4 c6 2. d4 d5 3. e5 Bf5 4. Nf3 e6 5. Be2 Nd7 6. Nbd2 Bg6 7. O-O Nh6 8. Nb3
Be7 9. a4 O-O 10. a5 Nf5 11. g4 Nh4 12. Nxh4 Bxh4 13. f4 f5 14. g5 h6 15. gxh6
gxh6 16. Kh1 Kh7 17. Rf3 Rg8 18. Rh3 Be7 19. Be3 Rc8 20. Nd2 c5 21. c3 cxd4 22.
cxd4 a6 23. Nf3 Nf8 24. Bf2 Be8 25. Bh4 Bxh4 26. Nxh4 Ng6 27. Nxg6 Rxg6 28. Qb3
Bc6 29. Bh5 Rg7 30. Be2 Qe7 31. Rxh6+ Kg8 32. Qh3 Qc7 33. Qh4 1-0

[Event "IX EICC"]
[Site "Plovdiv BUL"]
[Date "2008.04.21"]
[Round "1"]
[White "Carlsson, P."]
[Black "Akopian, Vl"]
[Result "1/2-1/2"]
[WhiteElo "2514"]
[BlackElo "2673"]
[PlyCount "82"]
[EventDate "2008.04.21"]
[SourceDate "1999.07.01"]

1. e4 c6 2. d4 d5 3. exd5 cxd5 4. c4 Nf6 5. Nc3 e6 6. Nf3 Bb4 7. Bd3 dxc4 8.
Bxc4 O-O 9. O-O Nbd7 10. Qb3 Be7 11. Rd1 Nb6 12. Be2 Bd7 13. Ne5 Bc6 14. Nxc6
bxc6 15. Bg5 Rb8 16. Qc2 Nfd5 17. Bxe7 Nxe7 18. Bf3 Rb7 19. Rac1 Rd7 20. Ne2
Rd6 21. Rd3 Qd7 22. Rc3 Nbd5 23. Rc5 Rb8 24. a3 g6 25. b4 Rb6 26. Qa4 Qb7 27.
Ra5 Rd7 28. Rac5 Kg7 29. g3 Qa6 30. Qb3 Nf5 31. Kg2 h5 32. h4 Kh7 33. R1c2 Nde7
34. Qc3 Rd6 35. Be4 Qb7 36. Kh2 Qd7 37. Rc4 Nd5 38. Qf3 Nde7 39. Qc3 Qd8 40.
Qf3 Qd7 41. Qc3 Qd8 1/2-1/2